000 00653nam a2200289Ia 4500
005 20260324142510.0
008 008 260324s9999 xx 000 0 eng d
020 _a9781315075440
037 _aEBOOK
040 _aCRL
040 _beng
040 _cCRL
041 _2eng
041 _aeng
084 _qCRL
100 _aGail Finney
_91212162
245 0 _aLook Who's Laughing
245 0 _bGender and Comedy
260 _bTaylor and Francis
260 _c1994
365 _a
365 _b165
856 _uhttp://www.taylorfrancis.com/books/9781315075440
942 _cEBOOK
999 _c1816432
_d1816432